The Top 20 Most Uncommon Letter Combinations In English - Statistics

General Stats
  • This quiz has been taken 9 times
  • The average score is 13 of 20
Answer Stats
Hint Answer % Correct
19 JK
86%
1 JQ
86%
2 JX
86%
3 QX
86%
18 XZ
86%
20 JL
71%
13 KQ
71%
5 KX
71%
15 QR
71%
9 VK
71%
10 FV
57%
11 JB
57%
7 JN
57%
14 QQ
57%
4 QW
57%
6 XV
57%
8 ZB
57%
12 JT
43%
16 VH
43%
17 WJ
43%
No matching quizzes found
Score Distribution
Percent of People with Each Score
Percentile by Number Answered
Your Score History
You have not taken this quiz